Manažérske vzdelávanie v rámci Operačného programu Zamestnanosť a sociálna inklúzia za obdobie 2007-2013 diplomová práca

Gespeichert in:
Bibliographische Detailangaben
1. Verfasser: Korpesiová, Mária
Körperschaft: Podnikovohospodárska fakulta EU so sídlom v Košiciach. Katedra manažmentu
Weitere Verfasser: Bašistová, Alena
Format: Buch
Sprache:Slowakisch
Veröffentlicht: Košice 2015
Tags: Tag hinzufügen
Keine Tags, Fügen Sie das erste Tag hinzu!

MARC

LEADER 00000nbm a2200000 4500
001 0202189
005 20161212094413.5
041 0 |a slo 
044 |a SK 
245 1 0 |a Manažérske vzdelávanie v rámci Operačného programu Zamestnanosť a sociálna inklúzia za obdobie 2007-2013  |b diplomová práca  |c Mária Korpesiová ; školiteľ: Alena Bašistová 
264 1 |a Košice  |c 2015 
300 |a 59 s. 
100 1 |a Korpesiová, Mária 
700 1 |a Bašistová, Alena 
710 2 |a Podnikovohospodárska fakulta EU so sídlom v Košiciach. Katedra manažmentu